| 000 | 00000nam##2200000za#4500 |
| 001 | 9.528967 |
| 003 | CaOODSP |
| 005 | 20200325194637 |
| 007 | ta |
| 008 | 150406|1999||||xxc||||| f|0| 0 fre|d |
| 020 | |a0-660-59328-9 |
| 040 | |aCaOODSP|bfre |
| 041 | |aeng |
| 041 | |afre |
| 043 | |an-cn--- |
| 086 | 1 |aCS95-193 |
| 245 | 00|aProfil des divisions et subdivisions de recensement des Territoires du Nord-ouest |
| 260 | |aOttawa - Ontario : |bStatistique Canada. |c1999. |
| 300 | |a166p. ; |c28 cm. |
| 490 | 1 |a96 Recensement: Série des profils de secteurs |
| 563 | |aCouverture souple |
| 590 | |a99-08|b1999-02-26 |
| 710 | 1 |aCanada.|bStatistique Canada. |bRecensement. |
| 791 | |tProfile of census divisions and subdivisions in the Northwest Territories|eeng|w(CaOODSP)9.528966 |
| 830 | #0|a96 Recensement: Série des profils de secteurs.|w(CaOODSP)9.509191 |